000 00706nam a2200181 a 4500
008 081021s1975 ||||||||||||||||| || u
050 _aIBRD(08)
110 _aWorld Bank
245 1 4 _aThe task ahead for cities of the developing countries
_cPrepared by George Beier (and others)
260 _aWashington D.C.
_bWorld Bank
_c1975
300 _a77p. : illus.
350 _a0.00
362 1 _ano. 209
490 _aWorld Bank Staff Working Paper
650 0 _aDEVELOPING COUNTRIES - ECONOMIC POLICY
650 0 _aAFRICA--ECONOMIC CONDITIONS
995 _D0.00
_FCBU-MAIN LIBRARY (Kitwe)
_H1
_I0.00
_M1
_UAVAILABLE
_WOct 21, 2008
_ZInternational Publications
999 _c59389
_d59389